Kluby Ekstraklasy, I, II i III Ligi na mapie w sezonie 2025/26 - Statystyki

Ogólne statystyki
  • Ten quiz został rozwiązany 3 637 razy
  • Średni wynik to 49 z 126
Odpowiedzi na mapie
Odpowiedzi zakodowano w zielono-czerwonej skali na mapie do tego quizu, zgodnie z poniższymi procentami.
 
Statystyki odpowiedzi
Poziom rozgrywek Klub % Poprawnych
Ekstraklasa Legia Warszawa
95%
Ekstraklasa Arka Gdynia
93%
Ekstraklasa Lech Poznań
93%
Ekstraklasa Lechia Gdańsk
92%
Ekstraklasa Pogoń Szczecin
91%
Ekstraklasa Jagiellonia Białystok
89%
Ekstraklasa Cracovia
88%
I liga Wisła Kraków
88%
Ekstraklasa Widzew Łódź
86%
Ekstraklasa GKS Katowice
84%
Ekstraklasa Korona Kielce
84%
Ekstraklasa Motor Lublin
84%
I liga Śląsk Wrocław
84%
Ekstraklasa Górnik Zabrze
83%
Ekstraklasa Raków Częstochowa
83%
Ekstraklasa Wisła Płock
83%
Ekstraklasa Zagłębie Lubin
83%
I liga Polonia Warszawa
82%
Ekstraklasa Radomiak Radom
82%
I liga ŁKS Łódź
81%
Ekstraklasa Bruk-Bet Termalica Nieciecza
77%
Ekstraklasa Piast Gliwice
77%
I liga Ruch Chorzów
74%
II liga Warta Poznań
70%
I liga Odra Opole
68%
I liga Wieczysta Kraków
68%
I liga Stal Mielec
66%
I liga Stal Rzeszów
66%
I liga GKS Tychy
63%
I liga Polonia Bytom
63%
I liga Miedź Legnica
61%
III liga gr. II Zawisza Bydgoszcz
61%
I liga Znicz Pruszków
61%
II liga Resovia
60%
II liga Zagłębie Sosnowiec
60%
I liga Górnik Łęczna
58%
I liga Puszcza Niepołomice
58%
I liga Pogoń Siedlce
57%
I liga Chrobry Głogów
55%
III liga gr. II Elana Toruń
55%
II liga Hutnik Kraków
52%
II liga Podbeskidzie Bielsko-Biała
52%
I liga Pogoń Grodzisk Mazowiecki
52%
II liga Sandecja Nowy Sącz
49%
III liga gr. I Wigry Suwałki
45%
II liga Chojniczanka Chojnice
44%
II liga KKS 1925 Kalisz
43%
II liga Olimpia Grudziądz
42%
II liga Stal Stalowa Wola
42%
III liga gr. I Olimpia Elbląg
40%
II liga Unia Skierniewice
39%
III liga gr. II Flota Świnoujście
37%
II liga Świt Szczecin
37%
III liga gr. IV Avia Świdnik
36%
III liga gr. I GKS Bełchatów
36%
II liga GKS Jastrzębie
36%
II liga Podhale Nowy Targ
36%
II liga Rekord Bielsko-Biała
31%
III liga gr. IV Siarka Tarnobrzeg
31%
III liga gr. IV KSZO 1929 Ostrowiec Świętokrzyski
30%
III liga gr. III Lechia Zielona Góra
30%
III liga gr. I Legia II Warszawa
30%
III liga gr. I ŁKS Łomża
30%
III liga gr. III Skra Częstochowa
30%
III liga gr. II Lech II Poznań
29%
II liga ŁKS II Łódź
29%
II liga Śląsk II Wrocław
29%
III liga gr. I Jagiellonia II Białystok
27%
III liga gr. IV Cracovia II
24%
III liga gr. III Górnik Polkowice
24%
III liga gr. IV Korona II Kielce
24%
III liga gr. II Pogoń II Szczecin
24%
III liga gr. IV Wisła II Kraków
24%
III liga gr. I Broń Radom
23%
III liga gr. I Widzew II Łódź
23%
III liga gr. II Błękitni Stargard
22%
III liga gr. IV Chełmianka Chełm
22%
II liga Sokół Kleczew
22%
III liga gr. I Wisła II Płock
22%
III liga gr. III Zagłębie II Lubin
21%
III liga gr. III Ślęza Wrocław
20%
III liga gr. III Górnik II Zabrze
19%
III liga gr. IV Star Starachowice
19%
III liga gr. IV Wisłoka Dębica
19%
III liga gr. III Miedź II Legnica
17%
III liga gr. III MKS Kluczbork
17%
III liga gr. I Świt Nowy Dwór Mazowiecki
17%
III liga gr. I Lechia Tomaszów Mazowiecki
16%
III liga gr. I Warta Sieradz
16%
III liga gr. III Karkonosze Jelenia Góra
15%
III liga gr. II Polonia Środa Wielkopolska
15%
III liga gr. I Ząbkovia Ząbki
15%
III liga gr. I Mławianka Mława
14%
III liga gr. IV Stal Kraśnik
14%
III liga gr. II Cartusia Kartuzy
13%
III liga gr. IV Naprzód Jędrzejów
13%
III liga gr. IV Podlasie Biała Podlaska
13%
III liga gr. III Sparta Katowice
13%
III liga gr. III Carina Gubin
12%
III liga gr. I GKS Wikielec
12%
III liga gr. II Unia Swarzędz
12%
III liga gr. III Warta Gorzów Wielkopolski
12%
III liga gr. III LKS Goczałkowice Zdrój
11%
III liga gr. II Wda Świecie
11%
III liga gr. II Wikęd Luzino
11%
III liga gr. I KS Wasilków
10%
III liga gr. III Polonia Nysa
10%
III liga gr. IV Sparta Kazimierza Wielka
10%
III liga gr. IV Świdniczanka Świdnik
10%
III liga gr. IV Wiślanie Skawina
10%
III liga gr. II Wybrzeże Rewalskie Rewal
10%
III liga gr. IV Czarni Połaniec
9%
III liga gr. I Znicz Biała Piska
9%
III liga gr. II Kluczevia Stargard
8%
III liga gr. II Noteć Czarnków
8%
III liga gr. II Pogoń Nowe Skalmierzyce
8%
III liga gr. IV Pogoń-Sokół Lubaczów
8%
III liga gr. II Victoria Września
8%
III liga gr. II Lipno Stęszew
7%
III liga gr. III Stal Jasień
7%
III liga gr. I KS CK Troszyn
6%
III liga gr. IV Sokół Kolbuszowa Dolna
6%
III liga gr. III Słowianin Wolibórz
5%
III liga gr. II Tłuchowia Tłuchowo
5%
III liga gr. III LZS Starowice Dolne
4%
III liga gr. III Pniówek Pawłowice Śląskie
4%
Nie znaleziono quizów pasujących do podanych kryteriów
Rozkład punktacji
Procent ludzi z każdym wynikiem
Percentyl według liczby udzielonych odpowiedzi
Twoja historia wyników
Nie rozwiązałeś tego quizu